duolingo lingos quiz* - Statistics

General Stats
  • This quiz has been taken 17 times
  • The average score is 26 of 43
Answer Stats
Answer % Correct
English (Not for English Speakers)
100%
Spanish
100%
French
93%
German
93%
Arabic
80%
Hindi
80%
Italian
80%
Mandarin
80%
Polish
80%
Cantonese (China only)
73%
Czech
73%
Danish
73%
Greek
73%
Dutch
73%
Japanese
73%
Norwegian
73%
Russian
73%
Swedish
73%
Finnish
67%
Hungarian
67%
Korean
67%
Portuguese
67%
Turkish
67%
Ukrainian
67%
Indonesian
60%
Irish
60%
Romanian
60%
Hawaiian
53%
Klingon
53%
Navajo
53%
Vietnamese
53%
Welsh
53%
Swahili
47%
Zulu
47%
Catalan (Spain only)
40%
Hebrew
40%
Latin
40%
Guarani (Spain only)
27%
High Valyrian
27%
Scottish Gaelic
27%
Esperanto
20%
Yiddish
20%
Haitian Creole
13%
No matching quizzes found
Score Distribution
Percent of People with Each Score
Percentile by Number Answered
Your Score History
You have not taken this quiz